Eagles Active Lineup (2024) - Statistics

General Stats
  • This quiz has been taken 235 times
    62 since last reset
  • The average score is 18 of 26
Answer Stats
Hint Answer % Correct
RB Saquon Barkley
100%
WR A.J. Brown
98%
QB Jalen Hurts
98%
WR DeVonta Smith
96%
TE Dallas Goedert
90%
RT Lane Johnson
90%
SS C.J. Gardner-Johnson
88%
LT Fred Johnson
86%
WR Jahan Dotson
82%
RB Kenneth Gainwell
82%
K Jake Elliot
78%
C Cam Jurgens
67%
RCB Darius Slay
67%
RDE Jalen Carter
67%
LG Landon Dickerson
65%
LCB Quinyon Mitchell
65%
FS Reed Blankenship
63%
LILB Zack Baun
61%
NT Jordan Davis
57%
RG Mekhi Becton
55%
P Braden Mann
49%
WLB Brandon Graham
45%
RILB Nakobe Dean
45%
WR Johnny Wilson
39%
SLB Josh Sweat
39%
LDE Milton Williams
31%
No matching quizzes found
Score Distribution
Percent of People with Each Score
Percentile by Number Answered
Your Score History
You have not taken this quiz since the last reset